The Dalai Lama's big book of happiness (Registro nro. 304316)

Detalles MARC
000 -ENCABEZADO
Número de control [NR] 01083nam a2200289 a 4500
001 - NÚMERO DE CONTROL
control field ocn922911272
005 - FECHA Y HORA DE LA ÚLTIMA TRANSACCIÓN
control field 20170608111011.0
008 - DE LONGITUD FIJA DE DATOS DE ELEMENTOS - INFORMACIÓN GENERAL
Elementos de longitud fija [NR] 1 s2016 onc gr 000 0 eng d
020 ## - NUMERO INTERNACIONAL NORMALIZADO PARA LIBROS [R]
Número Internacional Normalizado del libro [NR] 9781571747396
020 ## - NUMERO INTERNACIONAL NORMALIZADO PARA LIBROS [R]
Número Internacional Normalizado del libro [NR] 1571747397
035 ## - NUMERO DE CONTROL DEL SISTEMA [R]
Número de control del sistema [NR] (OCoLC)922911272
040 ## - FUENTE DE CATALOGACION [NR]
Agencia de catalogación original [NR] Co-BoUCM
Idioma de catalogación [NR] spa
Quien Cataloga Edgar Pinilla
Quien Clasifica Edgar Pinilla
041 ## - CODIGO DE IDIOMA [R]
Código de idioma para texto/pista de sonido o título separado [R] Inglés
100 1# - ASIENTO PRINCIPAL--NOMBRE PERSONAL [NR]
Nombre personal [NR] Bstan-ʼdzin-rgya-mtsho
Títulos u otras palabras asociadas al nombre [R] Dalai Lama XIV
Fechas asociadas con el nombre [NR] 1935-
ID Autoridad 79601
245 14 - MENCION DE TITULO [NR]
Título [NR] The Dalai Lama's big book of happiness
Parte restante del título [NR] how to live in freedom, compassion, and love
Mención de responsabilidad, etc. [NR] His Holiness the Dalai Lama ; edited by Renuka Singh
260 ## - PUBLICACION, DISTRIBUCION, ETC. (PIE DE IMPRENTA) [R]
Lugar de publicación, distribución, etc. [R] [Kitchener (Ontario, Canada)]
Nombre del editor, distribuidor, etc. [R] Hampton Roads
Fecha de publicación, distribución, etc. [R] 2016
300 ## - DESCRIPCION FISICA [R]
Extensión [R] xi, 272 páginas
650 04 - ASIENTO SECUNDARIO DE MATERIA - TERMINO TEMATICO [R]
Término temático o nombre geográfico como elemento de entrada [NR] Budismo
9 (RLIN) 10234
650 04 - ASIENTO SECUNDARIO DE MATERIA - TERMINO TEMATICO [R]
Término temático o nombre geográfico como elemento de entrada [NR] Felicidad
Subdivisión general [R] Aspectos religiosos
9 (RLIN) 79602
650 04 - ASIENTO SECUNDARIO DE MATERIA - TERMINO TEMATICO [R]
Término temático o nombre geográfico como elemento de entrada [NR] Compasión
Subdivisión general [R] Aspectos religiosos
9 (RLIN) 79603
650 04 - ASIENTO SECUNDARIO DE MATERIA - TERMINO TEMATICO [R]
Término temático o nombre geográfico como elemento de entrada [NR] Conducta (Ética)
9 (RLIN) 11510
650 04 - ASIENTO SECUNDARIO DE MATERIA - TERMINO TEMATICO [R]
Término temático o nombre geográfico como elemento de entrada [NR] Budismo tibetano
9 (RLIN) 79604
690 #0 - ASUNTO AGREGADO LOCAL DE ENTRADA - TÉRMINO TEMÁTICO (OCLC, RLIN)
Acceso temático local Filosofía de la religión
9 (RLIN) 15775
700 1# - ASIENTO SECUNDARIO - NOMBRE PERSONAL [R]
Nombre personal [NR] Singh, Renuka
Fechas asociadas con el nombre [NR] 1953-
Término de relación [R] editor
9 (RLIN) 79605
942 ## - ELEMENTOS DE ENTRADA AGREGADOS (KOHA)
Sistema de clasificación DEWEY
Tipo de ítem principal el descrito en 300a Libro
Tema principal Religión
Edición 1
Clasificación 294.3
Parte restante de la signatura top. B916
Título oculto en OPAC No
Existencias
Signatura topográfica Código de barras Última vez visto Ejemplar Costo de reposición Price effective from Tipo de ítem Perdido Sistema de clasificación Dañado No prestable Tipo de ítem específico Suprimido Ubicación habitual Ubicación actual Localización Fecha de creación Proveedor Forma de adquisición Costo
294.3 B916 100149607 29/05/2025 Ej.1 42087.00 02/09/2016 Libro   DEWEY     Libro   Bodega Bodega 5to piso 02/09/2016 15 Compra 42087.00